[Event "Stay Safe Play From Home 297"]
[Site "Emanuel Lasker Arena"]
[Date "2020.07.14"]
[Round "6"]
[White "TheCHESSHOUSE"]
[Black "Mepe_Nika"]
[Result "0-1"]
[WhiteElo "1979"]
[BlackElo "2369"]
[Annotator "TA"]
[PlyCount "134"]
[EventDate "2020.07.14"]
[EventType "swiss (blitz)"]

{[%evp 15,134,14,20,19,14,17,18,8,10,10,22,14,12,15,17,13,15,5,30,17,16,0,0,0,8,0,39,27,40,39,91,30,93,76,120,114,110,108,105,93,92,92,114,117,125,75,62,63,91,47,47,0,0,0,0,0,38,39,46,23,23,23,38,38,38,38,38,0,38,38,38,38,38,38,38,38,38,38,45,45,45,45,53,53,53,34,34,-29976,-29977,-29977,-29978,-29977,0,0,0,-29988,0,-29981,-29982,-29982,-29982,-29982,-29983,-29983,-29984,-29984,-29985,-29987,-29988,-29988,-29989,-29989,-29990,-29990,-29991,-29992,-29993,-29993,-29992,-29993,-29994]} 1. d4 d5 2. c4 c6 3. cxd5 cxd5 4. Nc3 Nf6 5. Nf3 Nc6 6. Bf4 a6 7. Rc1 Bf5 8. e3 Rc8 9. Be2 {D13: Slav Defence: Exchange variation without ...Bf5.} e6 10. O-O Bd6 11. Bxd6 {The position is equal.} Qxd6 12. Na4 O-O 13. Nc5 Rc7 14. a3 Bg4 15. h3 Bxf3 16. Bxf3 {[#]} e5 $146 ({Predecessor:} 16... Rfc8 17. b4 a5 18. Qd2 axb4 19. axb4 Ne7 20. Ra1 Ng6 21. Ra7 b6 22. Ra6 Nh4 {0-1 (44) Blondel,F (1751)-Chazalette,J (2126) ICCF email 2008}) 17. dxe5 Nxe5 18. b4 h6 19. Qe2 Re8 20. Rfd1 Ng6 21. Nb3 Rxc1 22. Rxc1 Ne4 (22... Ne5 $14) 23. Nd4 (23. Qc2 $16) 23... Qe5 (23... Ne5 $11) 24. Qc2 Ng5 25. Qc7 Nxf3+ 26. Nxf3 Qb2 27. Qc3 (27. Rc2 {with more complications.} Qxa3 28. Qxb7 Qd3 29. Rc1 Qe4 30. Rd1) 27... Qxc3 28. Rxc3 $16 {[%mdl 4096] Endgame KRN-KRN} Re7 29. Rc8+ Kh7 30. Nd4 Ne5 31. Rd8 Nc4 32. Rxd5 Nxa3 33. b5 Nxb5 34. Nxb5 axb5 35. Rxb5 $11 {KR-KR} g5 36. Rb6 Kg7 37. g3 h5 38. Kg2 f6 39. Kf3 Kg6 40. Rb5 Rc7 41. Rb6 Kf7 42. h4 gxh4 43. gxh4 Kg6 44. Rb5 Rc4 45. Kg3 Rc7 $1 46. f3 Rg7 47. Kf4 Rc7 48. e4 Rd7 49. Rb6 Rf7 50. e5 Kg7 $1 51. exf6+ $2 {[%mdl 8192]} (51. e6 $14 Rc7 52. Ke4) 51... Rxf6+ 52. Rxf6 Kxf6 $14 {KPP-KPP} 53. Ke4 {[#]} b5 $2 (53... Ke6 $1 54. f4 Kf6 55. Kf3 Kf5 56. Kg3 b6 57. Kf2 Kxf4 58. Kg2 Kg4 59. Kf2 Kxh4 60. Kf3 Kg5 61. Ke3 Kg4 62. Ke2 h4 63. Ke3 h3 64. Ke4 h2 65. Ke5 h1=Q 66. Ke6 Qc6+ 67. Ke5 Qc4 68. Kd6 Kf5 69. Kd7 Qc5 70. Ke8 Ke6 71. Kd8 Qc4 72. Ke8 Qc8#) 54. Kd5 $11 b4 {( -> ...b3)} (54... Kf5 $5 55. Kc5 $8 Kf4 56. Kxb5 Kg3 $11) 55. Kc5 $2 {[%mdl 8192]} (55. Kc4 $11) 55... Kf5 $2 (55... b3 {mates} 56. Kd4 b2 57. Kd5 b1=Q 58. Kc4 Qc2+ 59. Kd4 Qc6 60. Kd3 Kf5 61. f4 Qc5 62. Kd2 Kxf4 63. Kd3 Kf3 64. Kd2 Qc4 65. Kd1 Ke3 66. Ke1 Qe2#) 56. Kd4 $2 {[%mdl 8192]} (56. Kxb4 $11 Kf4 57. Kc4) 56... Kf4 {Black mates.} 57. Kc4 Kxf3 58. Kxb4 {KP-KP} Kg4 59. Kc3 Kxh4 {KP-K} 60. Kd2 Kg3 61. Ke1 Kg2 62. Ke2 h4 63. Ke3 h3 64. Kf4 h2 65. Kg5 h1=Q 66. Kf6 Qf1+ 67. Kg7 Qf5 {Accuracy: White = 78%, Black = 77%.} 0-1

[Event "Stay Safe Play From Home 297"]
[Site "Emanuel Lasker Arena"]
[Date "2020.07.12"]
[Round "6"]
[White "Dukic"]
[Black "sadbat1122"]
[Result "0-1"]
[WhiteElo "1948"]
[BlackElo "1651"]
[Annotator "NA RC"]
[PlyCount "146"]
[EventDate "2020.07.12"]
[EventType "swiss (blitz)"]

1. c4 {[%emt 0:00:03]} e5 {[%emt 0:00:03]} 2. Nc3 {[%emt 0:00:04]} Nc6 {[%emt 0:00:02]} 3. g3 {[%emt 0:00:02]} d6 {[%emt 0:00:03]} 4. Bg2 {[%emt 0:00:01]} Nf6 {[%emt 0:00:03]} 5. d3 {[%emt 0:00:01]} Be7 {[%emt 0:00:03]} 6. e3 {[%emt 0:00:01]} Bg4 {[%emt 0:00:05]} 7. Qb3 {[%emt 0:00:03]} Rb8 {[%emt 0:00:02]} 8. h3 {[%emt 0:00:10]} Bd7 {[%emt 0:00:03]} 9. Nge2 {[%emt 0:00:02]} O-O {[%emt 0:00:03]} 10. Bd2 {[%emt 0:00:05]} a5 {[%emt 0:00:04]} 11. a3 {[%emt 0:00:02]} b6 {[%emt 0:00:04]} 12. O-O {[%emt 0:00:02]} Qc8 {[%emt 0:00:03]} 13. Kh2 {[%emt 0:00:01]} Ra8 {[%emt 0:00:10]} 14. Rac1 {[%emt 0:00:02]} Rb8 {[%emt 0:00:10]} 15. Qc2 {[%emt 0:00:09]} Nd8 {[%emt 0:00:08]} 16. f4 {[%emt 0:00:06]} exf4 {[%emt 0:00:11]} 17. exf4 {[%emt 0:00:04]} Ne6 {[%emt 0:00:07]} 18. Nd5 {[%emt 0:00:03]} Nxd5 {[%emt 0:00:07]} 19. cxd5 {[%emt 0:00:01]} Nc5 {[%emt 0:00:10]} 20. d4 {[%emt 0:00:07]} Bf5 {[%emt 0:00:02]} 21. Qc3 {[%emt 0:00:03]} Nd3 {[%emt 0:00:08]} 22. Rce1 {[%emt 0:00:07]} Nxe1 {[%emt 0:00:02]} 23. Rxe1 {[%emt 0:00:06]} Bf6 {[%emt 0:00:02]} 24. g4 {[%emt 0:00:03]} Bd7 {[%emt 0:00:05]} 25. f5 {[%emt 0:00:07]} Bh4 {[%emt 0:00:03]} 26. Rf1 {[%emt 0:00:02]} Re8 {[%emt 0:00:02]} 27. Nf4 {[%emt 0:00:02]} Bb5 {[%emt 0:00:07]} 28. Rc1 {[%emt 0:00:04]} Rb7 {[%emt 0:00:07]} 29. Bf3 {[%emt 0:00:06]} Bg5 {[%emt 0:00:05]} 30. Kg3 {[%emt 0:00:05]} Bxf4+ {[%emt 0:00:03]} 31. Bxf4 {[%emt 0:00:02]} Qd7 {[%emt 0:00:02]} 32. Qd2 {[%emt 0:00:12]} Rbb8 {[%emt 0:00:11]} 33. Bg5 {[%emt 0:00:09]} f6 {[%emt 0:00:02]} 34. Bf4 {[%emt 0:00:09]} Rbc8 {[%emt 0:00:02]} 35. b3 {[%emt 0:00:04]} Qe7 {[%emt 0:00:08]} 36. a4 {[%emt 0:00:03]} Ba6 {[%emt 0:00:06]} 37. Kf2 {[%emt 0:00:05]} Bb7 {[%emt 0:00:04]} 38. g5 {[%emt 0:00:10]} fxg5 {[%emt 0:00:04]} 39. Bxg5 {[%emt 0:00:01]} Qf7 {[%emt 0:00:01]} 40. f6 {[%emt 0:00:06]} Bxd5 {[%emt 0:00:04]} 41. Bg4 {[%emt 0:00:02]} Ra8 {[%emt 0:00:12]} 42. Kg3 {[%emt 0:00:04]} g6 {[%emt 0:00:08]} 43. b4 {[%emt 0:00:06]} axb4 {[%emt 0:00:02]} 44. Qxb4 {[%emt 0:00:01]} Be6 {[%emt 0:00:04]} 45. Bf3 {[%emt 0:00:02]} d5 {[%emt 0:00:03]} 46. h4 {[%emt 0:00:07]} h6 {[%emt 0:00:02]} 47. Bxh6 {[%emt 0:00:02]} Qxf6 {[%emt 0:00:01]} 48. Bg5 {[%emt 0:00:02]} Qf5 {[%emt 0:00:01]} 49. Rxc7 {[%emt 0:00:08]} Qh3+ {[%emt 0:00:02]} 50. Kf2 {[%emt 0:00:01]} Rf8 {[%emt 0:00:02]} 51. Rc3 {[%emt 0:00:15]} Qh2+ {[%emt 0:00:06]} 52. Ke3 {[%emt 0:00:07]} Qg1+ {[%emt 0:00:02]} 53. Kd2 {[%emt 0:00:02]} Qf2+ {[%emt 0:00:02]} 54. Be2 {[%emt 0:00:03]} Bg4 {[%emt 0:00:05]} 55. Re3 {[%emt 0:00:10]} Rae8 {[%emt 0:00:04]} 56. Qb5 {[%emt 0:00:04]} Rxe3 {[%emt 0:00:02]} 57. Bxe3 {[%emt 0:00:02]} Qxe2+ {[%emt 0:00:02]} 58. Qxe2 {[%emt 0:00:03]} Bxe2 {[%emt 0:00:01]} 59. Kxe2 {[%emt 0:00:01]} Ra8 {[%emt 0:00:02]} 60. Kf3 {[%emt 0:00:06]} Rxa4 {[%emt 0:00:02]} 61. Kf4 {[%emt 0:00:00]} Kf7 {[%emt 0:00:02]} 62. Ke5 {[%emt 0:00:01]} Ra5 {[%emt 0:00:07]} 63. Bd2 {[%emt 0:00:02]} Rb5 {[%emt 0:00:01]} 64. Kd6 {[%emt 0:00:02]} Rb2 {[%emt 0:00:02]} 65. Bg5 {[%emt 0:00:05]} Rb5 {[%emt 0:00:04]} 66. Kc6 {[%emt 0:00:01]} Ra5 {[%emt 0:00:04]} 67. Kxb6 {[%emt 0:00:02]} Ra4 {[%emt 0:00:02]} 68. Kc5 {[%emt 0:00:04]} Ke6 {[%emt 0:00:01]} 69. Bh6 {[%emt 0:00:06]} Rc4+ {[%emt 0:00:02]} 70. Kb5 {[%emt 0:00:04]} Rxd4 {[%emt 0:00:01]} 71. Bg7 {[%emt 0:00:03]} Rxh4 {[%emt 0:00:01]} 72. Kc5 {[%emt 0:00:01]} d4 {[%emt 0:00:01]} 73. Bxd4 {[%emt 0:00:02]} Kf5 {[%emt 0:00:01] Zeit (Lag: Av=0.85s, max=1.0s)} 0-1

[Event "Stay Safe Play From Home 297"]
[Site "Emanuel Lasker Arena"]
[Date "2020.07.12"]
[Round "6"]
[White "Oliverfab"]
[Black "Chesstiger9"]
[Result "0-1"]
[WhiteElo "1890"]
[BlackElo "1975"]
[Annotator "TA"]
[PlyCount "124"]
[EventDate "2020.07.12"]
[EventType "swiss (blitz)"]
[WhiteTeam "SV Laatzen"]

{[%evp 11,124,-4,0,-39,-42,-45,-34,-37,-30,-28,-24,-43,-20,-18,-20,-67,-52,-86,-84,-82,-79,-82,-77,-239,-114,-165,-153,-239,-136,-356,-333,-398,-338,-457,-468,-487,-411,-594,-588,-597,-598,-725,-545,-542,-547,-624,-593,-570,-581,-741,-542,-529,-534,-754,-747,-1245,-83,-81,240,231,246,220,231,127,208,75,275,123,392,0,165,0,0,-8,0,0,0,0,0,0,0,0,0,0,0,0,78,19,74,86,79,36,57,0,0,0,0,0,530,510,495,-768,-656,-12844,-12844,-12845,-12839,-12841,0,-12840,0,-12845,-82,-12848,0]} 1. Nf3 Nf6 2. g3 d5 3. Bg2 g6 4. d4 Bg7 5. O-O O-O 6. Nc3 b6 7. h3 {D02: 1 d4 d5 2 Nf3 sidelines, including 2...Nf6 3 g3 and 2...Nf6 3 Bf4.} Bb7 {[#]} 8. b3 $146 ({Predecessor:} 8. Be3 Nbd7 9. Qd2 Re8 10. Bh6 Bxh6 11. Qxh6 c5 12. dxc5 bxc5 13. Ng5 Nf8 14. Rad1 {0-1 (27) Beyer,C (1028)-Goetz,T (1268) Willingen 2016}) 8... Nbd7 9. Bb2 {Black is slightly better.} c5 10. e3 $1 Rc8 11. Qe2 Ne4 12. Nxe4 dxe4 13. Ne1 e5 {[%cal Rc5d4]} 14. dxc5 Nxc5 15. Rd1 Qc7 16. c4 Rfd8 $36 {[%mdl 2048] Keeping White busy.} 17. b4 $2 (17. Ba3 $17) 17... Ne6 (17... Rxd1 $1 $19 18. Qxd1 Ne6) 18. Rc1 (18. Nc2 $17) 18... f5 19. Bh1 (19. a3 $17) 19... Qd6 ({Better is} 19... a5 $19 20. a3 Ba6) 20. Ng2 $2 (20. Nc2 $17 {was worth a try.}) 20... Qxb4 {...Rd2 is the strong threat.} 21. Rc2 Nc5 22. Bc3 Qa4 23. Rb1 Nd3 24. g4 (24. Rd2 $142) 24... Rxc4 $19 25. gxf5 gxf5 26. Nh4 Qd7 27. Qh5 Rf8 28. Qg5 Kh8 29. Qh5 {and the idea Ng6+ leaves White hopeful.} Rc6 30. Rd1 Qf7 31. Qxf7 Rxf7 32. Nxf5 Rxf5 33. Bxe4 Rg5+ $2 (33... Rg6+ $19 34. Kf1 Bxe4) 34. Kh2 $17 {[#]} Rf6 $2 {[%mdl 8192]} (34... Rxc3 $1 $17 {and life is bright.} 35. Rxc3 Bxe4 36. Rc8+ Bf8 $1 {[%mdl 512]}) 35. Bxb7 $18 Nc5 36. Rd8+ Rf8 37. Rxf8+ Bxf8 {[#]} 38. Bd5 (38. f4 $1 $18 {[%cal Rf4g5] is more deadly.} Rf5 39. e4 (39. Bxe5+ Bg7 $18)) 38... Rf5 $2 {[#]} (38... Bg7 $16) 39. f4 (39. e4 $1 $18 {[%cal Re4f5] and the rest is easy.} Rh5 40. f4) 39... Bd6 $2 {[%mdl 8192]} (39... Bg7 $16 {is a better defense.}) 40. Bd2 $2 (40. Rg2 $18 {[%csl Gd5][%cal Rg2g8]} h5 41. Rg6) 40... h5 $2 (40... exf4 $11 {and Black stays safe.} 41. e4 Rg5) 41. Bf3 $2 (41. e4 $18 Rf8 42. f5) 41... exf4 $11 42. exf4 Bxf4+ 43. Bxf4 Rxf4 44. Bxh5 {[%mdl 4096] Endgame KRB-KRN} Kg7 45. Kg3 Ra4 46. Bg4 Kf6 47. Rf2+ Ke7 48. Re2+ Kd6 (48... Kf7 $11) 49. h4 ({White should try} 49. Bf5 $16) 49... Ra3+ (49... Re4 $1 $11) 50. Kf4 $16 {Strongly threatening h5.} Nd3+ 51. Kg5 {aiming for h5.} Ne5 $1 52. h5 (52. Kf5 $14 Nc6 53. Kf6) 52... Rg3 $11 53. Re4 {And now h6 would win.} Kd5 54. Rf4 {Black must now prevent h6.} Rg1 $2 {[%mdl 8192]} (54... Nxg4 $11 {and Black is okay.} 55. Rxg4 Rxg4+ 56. Kxg4 Ke6) 55. h6 $18 Rh1 56. Kf6 $4 {[%mdl 8192]} (56. Bh5 $18 Rg1+ 57. Kf6) 56... Nxg4+ 57. Rxg4 Rxh6+ $19 {KR-KR} 58. Ke7 Re6+ 59. Kd8 Re5 $2 (59... b5 $19 60. Kd7 Re5) 60. Kc7 $2 {[%mdl 8192]} (60. Rg7 $11) 60... Kc5 $2 (60... Re7+ $19 61. Kd8 Rh7) 61. Rg6 $2 {[%mdl 8192]} (61. Kb7 $11) 61... Kb5 $2 (61... Re2 $19 62. a3 Re7+ 63. Kc8 Kc4) 62. Rf6 $2 {[%mdl 8192]} (62. Rg3 $17) 62... Rc5+ $2 {[%mdl 32768] Black used his chance. Accuracy: White = 38%, Black = 49%. . Loss on time!?} (62... Re2 $19 63. Rf5+ Kb4 64. Rf4+ Ka5) 0-1

[Event "Stay Safe Play From Home 297"]
[Site "Emanuel Lasker Arena"]
[Date "2020.07.12"]
[Round "6"]
[White "Tvtower68"]
[Black "W Nelles"]
[Result "1-0"]
[WhiteElo "1777"]
[BlackElo "1371"]
[Annotator "NA RC"]
[PlyCount "59"]
[EventDate "2020.07.12"]
[EventType "swiss (blitz)"]

1. e4 {[%emt 0:00:01]} e5 {[%emt 0:00:02]} 2. Nf3 {[%emt 0:00:01]} Nc6 {[%emt 0:00:01]} 3. d4 {[%emt 0:00:01]} d6 {[%emt 0:00:02]} 4. d5 {[%emt 0:00:01]} Nd4 {[%emt 0:00:06]} 5. Nxd4 {[%emt 0:00:01]} exd4 {[%emt 0:00:02]} 6. Qxd4 {[%emt 0:00:01]} Qf6 {[%emt 0:00:02]} 7. Qc4 {[%emt 0:00:05]} Kd8 {[%emt 0:00:08]} 8. Nc3 {[%emt 0:00:02]} Ne7 {[%emt 0:00:03]} 9. Be3 {[%emt 0:00:04]} Bd7 {[%emt 0:00:03]} 10. O-O-O {[%emt 0:00:01]} Rc8 {[%emt 0:00:01]} 11. f4 {[%emt 0:00:02]} b6 {[%emt 0:00:05]} 12. Bd3 {[%emt 0:00:07]} Ng6 {[%emt 0:00:05]} 13. Rhf1 {[%emt 0:00:03]} Ne7 {[%emt 0:00:15]} 14. Rde1 {[%emt 0:00:04]} Qh6 {[%emt 0:00:04]} 15. h3 {[%emt 0:00:04]} Rg8 {[%emt 0:00:03]} 16. Bd2 {[%emt 0:00:04]} g5 {[%emt 0:00:03]} 17. e5 {[%emt 0:00:05]} g4 {[%emt 0:00:12]} 18. f5 {[%emt 0:00:04]} gxh3 {[%emt 0:00:04]} 19. Bxh6 {[%emt 0:00:02]} Bxh6+ {[%emt 0:00:03]} 20. Kb1 {[%emt 0:00:01]} Rxg2 {[%emt 0:00:01]} 21. e6 {[%emt 0:00:03]} fxe6 {[%emt 0:00:02]} 22. fxe6 {[%emt 0:00:02]} Be8 {[%emt 0:00:03]} 23. Qh4 {[%emt 0:00:07]} Bd2 {[%emt 0:00:10]} 24. Qxh3 {[%emt 0:00:09]} Bxe1 {[%emt 0:00:10]} 25. Qxg2 {[%emt 0:00:02]} Bxc3 {[%emt 0:00:01]} 26. bxc3 {[%emt 0:00:01]} a5 {[%emt 0:00:05]} 27. Rf8 {[%emt 0:00:04]} c5 {[%emt 0:00:10]} 28. Bxh7 {[%emt 0:00:03]} b5 {[%emt 0:00:04]} 29. Qg5 {[%emt 0:00:08]} Rc7 {[%emt 0:00:02]} 30. Bg6 {[%emt 0:00:02] W Nelles gibt auf (Lag: Av=0.52s, max=0.9s)} 1-0

[Event "Stay Safe Play From Home 297"]
[Site "Emanuel Lasker Arena"]
[Date "2020.07.14"]
[Round "6"]
[White "Perca"]
[Black "Klasman"]
[Result "1-0"]
[WhiteElo "1518"]
[BlackElo "1333"]
[Annotator "NA RC"]
[PlyCount "51"]
[EventDate "2020.07.14"]
[EventType "swiss (blitz)"]

1. e4 {[%emt 0:00:07]} f5 {[%emt 0:00:01]} 2. d3 {[%emt 0:00:01]} fxe4 {[%emt 0:00:02]} 3. dxe4 {[%emt 0:00:00]} Nf6 {[%emt 0:00:02]} 4. Bd3 {[%emt 0:00:01]} e5 {[%emt 0:00:01]} 5. Bg5 {[%emt 0:00:01]} Be7 {[%emt 0:00:04]} 6. Nc3 {[%emt 0:00:01]} O-O {[%emt 0:00:01]} 7. Qd2 {[%emt 0:00:01]} Nc6 {[%emt 0:00:04]} 8. O-O-O {[%emt 0:00:01]} d6 {[%emt 0:00:01]} 9. h4 {[%emt 0:00:01]} h6 {[%emt 0:00:03]} 10. Be3 {[%emt 0:00:02]} Ng4 {[%emt 0:00:03]} 11. Kb1 {[%emt 0:00:08]} Be6 {[%emt 0:00:02]} 12. Be2 {[%emt 0:00:02]} Nxf2 {[%emt 0:00:03]} 13. Bxf2 {[%emt 0:00:01]} Rxf2 {[%emt 0:00:01]} 14. Qe3 {[%emt 0:00:01]} Qf8 {[%emt 0:00:02]} 15. Bf3 {[%emt 0:00:03]} Rxf3 {[%emt 0:00:06]} 16. gxf3 {[%emt 0:00:01]} Nb4 {[%emt 0:00:04]} 17. Nd5 {[%emt 0:00:02]} Bd8 {[%emt 0:00:03]} 18. Nxb4 {[%emt 0:00:01]} Bxa2+ {[%emt 0:00:02]} 19. Nxa2 {[%emt 0:00:01]} a5 {[%emt 0:00:01]} 20. Ne2 {[%emt 0:00:03]} a4 {[%emt 0:00:01]} 21. f4 {[%emt 0:00:01]} a3 {[%emt 0:00:01]} 22. b3 {[%emt 0:00:01]} Qe8 {[%emt 0:00:04]} 23. f5 {[%emt 0:00:01]} Qc6 {[%emt 0:00:02]} 24. Qc3 {[%emt 0:00:02]} Qd7 {[%emt 0:00:03]} 25. Qc4+ {[%emt 0:00:01]} Kh8 {[%emt 0:00:02]} 26. Rdg1 {[%emt 0:00:01] Time (Lag: Av=0.80s, max=1.3s)} 1-0

[Event "Stay Safe Play From Home 297"]
[Site "Emanuel Lasker Arena"]
[Date "2020.07.12"]
[Round "7"]
[White "Mepe_Nika"]
[Black "Lazieri3"]
[Result "1-0"]
[WhiteElo "2420"]
[BlackElo "1982"]
[Annotator "TA"]
[PlyCount "79"]
[EventDate "2020.07.12"]
[EventType "swiss (blitz)"]

{[%evp 13,79,11,51,52,60,50,54,56,58,54,90,34,74,75,105,93,95,38,46,17,17,4,13,14,41,13,26,0,8,17,23,6,16,8,26,14,39,39,135,135,283,281,245,230,242,210,6219,6302,2344,3146,6203,5577,6399,5273,12842,12843,12843,12843,12845,12845,12845,12846,12847,12847,12848,12848,12849,12847]} 1. e4 c6 2. d4 d5 3. exd5 cxd5 4. Bd3 Nc6 5. c3 Nf6 6. Bf4 Bg4 7. Qb3 Qb6 8. Na3 {B13: Caro-Kann: Exchange Variation and Panov-Botvinnik Attack.} e6 9. Qxb6 axb6 10. Nb5 {[#] Black must now prevent Nc7+.White is slightly better.} Kd7 11. Ne2 {[#]} Na7 $146 ({Predecessor:} 11... Bh5 12. f3 Bg6 13. Nc1 Ne8 14. Kd2 Nd6 15. Bxd6 Bxd6 16. g3 Na7 17. Nxd6 Kxd6 18. Bxg6 hxg6 {0-1 (34) Jozwik,J (1987)-Zianowicz,D (1950) Polanica Zdroj 2018}) 12. a4 (12. Ng3 $16) 12... Be7 13. Ng3 Nh5 14. Nxh5 Bxh5 15. Kd2 (15. Nxa7 $16 {And now Nb5 would win.} Rxa7 16. Bb5+ Kc8 17. Kd2) 15... Bg6 $14 16. h3 (16. Be2 {with more complications.} Nc6 17. h4 h5 18. b3 Rhc8 19. Bf3) 16... Bxd3 17. Kxd3 Nxb5 (17... Kc6 {keeps more tension.} 18. Na3 g5 19. Bd2 b5 20. Nc2 Kd7) 18. axb5 Bd6 19. Bxd6 Kxd6 {[%mdl 4096] Endgame KRR-KRR} 20. b3 f6 21. c4 e5 22. f3 (22. Kc3 {seems wilder.} exd4+ 23. Kxd4 dxc4 24. bxc4 Rhd8 25. g3) 22... Rxa1 (22... exd4 {looks sharper.} 23. Kxd4 dxc4 24. bxc4 h5 25. Rad1 Rhe8) 23. Rxa1 $11 {KR-KR} Rc8 24. Ra7 Rc7 25. Ra8 Ke6 ({Black should play} 25... dxc4+ $14 26. bxc4 exd4) 26. Re8+ $16 Kd6 {This move loses the game for Black.} (26... Kf7 $16 {keeps fighting.} 27. Rd8 dxc4+ 28. bxc4 Ke6) 27. Rd8+ $18 Ke6 28. Rxd5 exd4 29. Kxd4 Rd7 $2 (29... Rc8 30. f4 g6) 30. Rxd7 {White is clearly winning.} Kxd7 {KP-KP} 31. Kd5 g6 32. b4 Ke7 33. c5 bxc5 34. bxc5 Kd7 35. c6+ bxc6+ 36. bxc6+ Kc7 37. h4 g5 38. hxg5 fxg5 39. g4 {[#] Kc5 would kill now.} h6 40. Kc5 {Accuracy: White = 79%, Black = 48%.} 1-0

[Event "Stay Safe Play From Home 297"]
[Site "Emanuel Lasker Arena"]
[Date "2020.07.14"]
[Round "7"]
[White "Mepe_Nika"]
[Black "AChessPlayer"]
[Result "1-0"]
[WhiteElo "2372"]
[BlackElo "2425"]
[Annotator "TA"]
[PlyCount "77"]
[EventDate "2020.07.14"]
[EventType "swiss (blitz)"]

{[%evp 12,76,11,-2,7,0,4,0,0,-18,-4,-42,-3,-9,55,18,18,7,43,0,0,-14,-14,-37,-50,-40,-40,-141,-59,-60,-55,-47,0,-5,-8,-127,-131,-127,-132,-127,-122,-123,-126,-216,-227,-402,-300,-308,-286,-362,-349,-323,-72,-85,29995,29996,29996,0,29997,0,0,0,29997,29998,29998,29999,29999]} 1. d4 d6 2. e4 Nf6 3. Nc3 Nbd7 4. Nge2 e5 5. g3 c6 6. Bg2 b5 7. a3 {The main line 7.a3 scores better than 7.0-0.} a5 {B07: Pirc Defence: Miscellaneous Systems.} 8. O-O Ba6 9. h3 Be7 {The position is equal.} 10. g4 O-O 11. b4 axb4 12. axb4 {[#]} Re8 $146 (12... Nb6 $11) ({Predecessor:} 12... Nb6 13. Ng3 c5 14. g5 Nfd7 15. dxc5 dxc5 16. Nd5 Nxd5 17. exd5 Bd6 18. Nf5 Qc7 {1-0 (43) Xu,Y (2485)-Fierro Baquero,M (2386) Nanjing 2009}) 13. Ng3 exd4 14. Qxd4 c5 $1 {[%cal Rc5d4]} 15. Qd2 (15. bxc5 {is interesting.} dxc5 16. Qd3 Qc8 17. e5 Nxe5 18. Qf5) 15... cxb4 16. Nd5 Nxd5 17. exd5 Bf6 18. Rb1 Bc3 19. Qd3 {[#]} ({White should try} 19. Qf4 $15) 19... Nc5 (19... Ne5 $1 $17 {[%cal Re5d3]} 20. Qf5 Bc8) 20. Qf3 $1 $15 Bc8 $36 {[%mdl 2048] Black has the initiative.} 21. Bb2 Na4 22. Bxc3 bxc3 23. Rxb5 (23. Rfe1 $11) 23... Ba6 $17 {[%mdl 64] Skewer} 24. Rb4 Bxf1 25. Bxf1 Nc5 {[%cal Ba4c5,Bc5e4,Be4d2][%mdl 32]} 26. Nf5 Qf6 27. Rf4 (27. Rc4 $17 {keeps fighting.}) 27... Qe5 28. g5 $2 (28. Rc4) 28... Ra7 29. h4 Ne4 30. Bd3 {[%cal Rf4e4]} Nd2 31. Qg4 Qe1+ $2 (31... Ra1+ $19 {has better winning chances.} 32. Kg2 Qxd5+ 33. f3 {[#]} Qxd3 $1 {[%mdl 512]} 34. Ne7+ Kh8 35. cxd3 c2) 32. Kg2 Ra1 $4 {[%mdl 8192] [#]} (32... g6 $17 33. Nh6+ Kg7) 33. Nh6+ $1 {[%mdl 576] Double Attack, Discovered Attack} Kh8 (33... gxh6 34. gxh6+) 34. Nxf7+ {[%mdl 64] Double Attack} Kg8 {aiming for ...Qh1+.} 35. Nh6+ Kh8 {White must now prevent ...Qh1+.} 36. Nf7+ {[%mdl 64] Double Attack} Kg8 {[#] Threatens to win with ...Qh1+.} 37. Bxh7+ $1 {[%mdl 512] White mates.} Kf8 (37... Kxh7 38. Qh5+) 38. Ne5+ Ke7 39. Qd7# {White used his chance. Accuracy: White = 58%, Black = 57%.} 1-0